00249nam a22000737a 4500040000800000082002600008245011500034260002600149 crua a631 FRA 1992 A084 Or. aMatériels pour l'agriculture : 1500 références pour l'équipement des petites et moyennes exploitations aphnom penhbruac1992